000 00822nam a2200289Ia 4500
003 OSt
005 20251112140938.0
008 210210b2003 xxu||||| |||| 00| 0 eng d
020 _a8126017279
040 _cAL
041 _aKannada
082 _aK894.4 SARP
100 _aSART (Jean Pal)
_dಜೀನ್-ಪಾಲ್ ಸಾರ್ತ್ರೆ
_9245204
245 _aPadacharita
_bಪದಚರಿತ
260 _aNavadehali
_bSahity Akademi
_c2003
300 _axviii,203
650 _aTr
_9245205
650 _aShrinivasa
_9245206
650 _aPadacharita
_9245207
650 _aKe
_9245208
650 _aEch
_9245209
650 _aby
_9245210
690 _aKannada Prose
_9245211
700 _aShrinivasa K H
_dಶ್ರೀನಿವಾಸ ಕೆ ಎಚ್
_9245212
906 _a072031
942 _2ddc
_cBK
999 _c121961
_d121961